| 000 | 00667nam a22001577a 4500 | ||
|---|---|---|---|
| 003 | OSt | ||
| 005 | 20160330155036.0 | ||
| 008 | 160330b xxu||||| |||| 00| 0 eng d | ||
| 040 | _cRUA | ||
| 082 | _aATM CHO 2013 B472 Or.1 | ||
| 100 |
_98250 _aCHOUN SENGHONG; ជួន សេងហុង |
||
| 245 | _aThe using pesticide on rice in angkor borey district, takeo province; ការប្រើប្រាស់ថ្នាំកសិកម្មលើដំណាំស្រូវ នៅក្នុងស្រុកអង្គបូរី ខេត្តតាកែវ | ||
| 260 |
_aPhnom Penh _bRUA _c2013 |
||
| 300 |
_axi;47p. _bill. _c29cm. |
||
| 942 |
_2ddc _cATM |
||
| 999 |
_c7884 _d7884 |
||